MDQL
is popping MORE tags! Check the
thread
!
Quizzes
Events
Quiz Creation
Community
Videos
Private Events
Remove Ads
Sign In
Join for FREE
Feedback
Dark Mode
Quiz Categories
Sports
Geography
Music
Movies
Television
Just For Fun
Miscellaneous
History
Literature
Language
Science
Gaming
Entertainment
Religion
Holiday
For Kids
Quiz Lab
Recent
Popular Today
Quiz Kudos Today
Editor Picks
Curator Picks
Quizzes by...
Day
Popularity
Type
Ratings
Length
Year
Community
Subscriptions
Recent Discussions
Orange Saloon
Badges
Playlists
Quests
Create
Leaderboards
Showdown
Live 5
Trivia Bingo
Activity
Puzzle Library
Sporcle Events
Private Events
Virtual Trivia
Globe League
Become a Host
Pub Owners
SporcleCon
Opinionation
Our Games
Videos
Blog
Mobile Apps
Partnerships
Remove Ads and Go Orange
Feedback
History
US Presidents
World Leaders
Politics
Nation
Discovery
War
Decade
Year
Century
Biography
Art
History
US Presidents
World Leaders
Politics
Nation
Discovery
War
Decade
Year
Century
Biography
Art
Random Quiz
Search Sporcle
×
Quiz Lab
Quiz Lab
History
limitation
Type in answers that appear in a list
Type in answers that appear in a list
Classic
Best Score? Go Orange.
Articles of Confederation Stats
Can you name the powers and limitations of the Articles of Confederation?
By
Glenn_Gulbin
7m
15 Questions
368 Plays
368 Plays
368 Plays
Comments
Comments
Give Quiz Kudos
Give Quiz Kudos
-
- Ratings
hide this ad
Replay
Link that replays current quiz
Next Quiz
Link to next quiz in quiz playlist
You Got
0%
They Got
Avg Score
36%
Avg Friend Score
Upgrade to see
Score Distribution
Jump to the score distribution portion of the page
Score
0/15
Timer
07:00
0
Plays Today
Can you answer the question about the Ar
Answer
% Correct
Amendments needed the approval of _
_
_
of 13 states
13
73.4%
When it came to the debt, the Confederation Congress could not _
_
_
_
_
_
.
Tax
56.8%
When it came to the war, the Confederation Congress could declare _
_
_
_
_
and make _
_
_
_
_
_
_
War Peace
55.4%
When it came to the military, the Confederation Congress could not
Draft
49.2%
An uprising of Massachusetts farmers that provided the federal government was too weak to handle the country's problems
Shays' Rebellion
44.6%
Laws needed the approval of _
_
_
of 13 states
9
33.7%
The Confederation Congress could not _
_
_
_
any of its powers.
Enforce
32.3%
The Northwest Ordinance of 1787 stated that _
_
_
_
free people were required for a state
60,000
32.3%
Can you answer the question about the Ar
Answer
% Correct
The Northwest Ordinance of 1787 stated that _
_
_
_
_
_
male settlers made a territory.
5000
28%
When it came to trade, the Confederation Congress could not
Regulate trade
27.7%
Although the Articles of Confederation lacked a strong chief executive, who was the first president under the Articles of Confederation?
John Hanson
27.4%
When it came to foreign countries, the Confederation Congress could make foreign _
_
_
_
_
_
_
and _
_
_
_
_
_
.
Treaties Alliances
25.8%
The Land Ordiinance of 1785 divided land into _
_
_
square mile townships
6
22.6%
When it came to problems between states, the Confederation Congress could not
Settle disputes
20.9%
The goal of the Land Ordinance was to _
_
_
_
_
_
_
_
_
through the sale of land.
Raise money
19.8%
Quiz Playlist
Details
Report
Send in Message
Add To Playlist
Classic:
Type in answers that appear in a list
Last Updated: Feb 16, 2017
Quiz Scoreboard
CHALLENGE
Sign Up to Join the Scoreboard
Show All
Scores
Hide
Comments
May contain spoilers
Recently Published
Street Fighter Characters
by Artimus82
Gaming
60s
9x9 Crossword: Cartoon Network
by jackfrog10
Miscellaneous
3m
College Basketball Coaching Resumes
by pancakes188
Sports
9m
More to Explore
Quiz From the Vault
Featured Blog Post
Where Did the Easter Bunny Come From?
hide this ad
You Might Also Like...
Tags
article
Confederation
limitation
Power
Today's Top Quizzes in History
Browse History
hide this ad
Top Contributed Quizzes in History
1
Popular People in 1991
2
Popular People in 1981
3
Popular People in 1951
4
Popular People in 1941
5
Popular People in 1986
6
Popular People in 1976
7
Popular People in 1921
8
5-to-1: 20th Century Images of War
9
I Am Born On March 28th
10
Popular People in 1946
Explore More
Trending Topics
Marvel
Kpop
Anime
Crossword
Disney
NBA
Harry Potter
WWE
Country
Song
NFL
Pokémon
The Office
Puzzle
Soccer
hide this ad
More By:
Glenn_Gulbin
Quiz
Plays
Rating
Category
Featured
Created
Countries of World War One and Russian Revolution
1,858
2.04
History
Mar 17, 2015
American Revolution
1,048
1.40
History
Nov 22, 2010
Countries of World War 2
804
2.75
History
May 1, 2015
Age of Imperialism Review
653
3.00
History
Jan 28, 2016
ABCs of World War One and Russian Revolution
627
1.50
History
Mar 19, 2012
Go to Creator's Profile
Score Distribution
Quiz Creator Spotlight
Glenn_Gulbin
Follow
Send a Message
Quizzes Created
-
Created Quiz Play Count
-
More By This Creator
Popular Quizzes Today
1
Find the US States - No Outlines Minefield
2
Find the Countries of Europe - No Outlines Minefield
3
The Countries of the World
4
Find the US States
5
Risky Map Clicking: Biggest States A-Z
6
US States
7
Popular People in 1961
8
Movies - When Are They Set?
More History Quizzes
Civil War Presidents
Published
Trending Quizzes
Risky Map Clicking: Least Populous States A-Z
Countries of the World: 200 Million BC
Billboard Blitz: Aretha Franklin
1-10 Letter G Words
Famous Russians: Author or Composer?
Recently Updated
Leaping Animals
pecheneg
Reality TV Shows (A-Z)
bhenderson79
Rickey Henderson's Hall of Fame Teammates
pecheneg
Champions League XIs: Arsenal
pecheneg
Quick Pick: Celebrities in WWE's Hall of Fame
aduchscher
A-Z Keypad Blitz II
pecheneg
Multiple Oscar Actors
pecheneg
Mystery Phrase Blitz: Oscar 'Best Actors'
pecheneg
F. Scott Fitzgerald Novels
LTH
Pick 3 Villains
ddd62291
Trending Topics
Anime
Marvel
NBA
Disney
Harry Potter
Crossword
Kpop
Song
Pokémon
Country
Soccer
NFL
The Office
Puzzle
WWE
Your Account Isn't Verified!
In order to create a playlist on Sporcle, you need to verify the email address you used during registration. Go to your
Sporcle Settings
to finish the process.
Report this User
Report this user for behavior that violates our
Community Guidelines
.
Details:
Send Report
Go to the Sporcle.com Mobile Site →
Comments